[Event "Arthur Andersen Trophy 12th"]
[Site "Neuilly"]
[Date "2002.05.25"]
[Round "1"]
[White "Yu, Ngam"]
[Black "Bedouin, Xavier"]
[Result "0-1"]
[WhiteElo "1800"]
[BlackElo "2160"]
[PlyCount "66"]
[EventDate "2002.04.??"]
[EventType "swiss (rapid)"]
[EventRounds "7"]
[EventCountry "FRA"]
[SourceTitle "EXT 2005"]
[Source "ChessBase"]
[SourceDate "2004.11.15"]
[SourceVersion "1"]
[SourceVersionDate "2004.11.15"]
[SourceQuality "1"]

1. d4 Nf6 2. c4 g6 3. Nc3 Bg7 4. e4 d6 5. Nf3 0-0 6. Be2 e5 7. 0-0 Nc6 8. d5 Ne7 9. Ne1 Nd7 10. a3 a5 11. Rb1 f5 12. b4 Nf6 13. f3 f4 14. c5 g5 15. Bd2 axb4 16. axb4 Rf7 17. cxd6 cxd6 18. Rc1 Bf8 19. Nd3 Rg7 20. Qc2 g4 21. fxg4 Bxg4 22. Bxg4 Nxg4 23. Nb5 Qb6+ 24. Kh1 Qxb5 25. Qc4 Qxc4 26. Rxc4 Nc8 27. Rfc1 Nb6 28. Rc7 Rxc7 29. Rxc7 Ra1+ 30. Ne1 Nf2+ 31. Kg1 Nxe4 32. Kf1 Nxd2+ 33. Ke2 Nxd5 0-1